| 000 | 00478nam a22001697a 4500 | ||
|---|---|---|---|
| 005 | 20251108170056.0 | ||
| 008 | 250721s1980 xx 000 0 ara d | ||
| 082 | 1 | 4 | _aط/ق/ممر |
| 245 | 1 | 0 | _aالممرضة الصغيرة / |
| 264 | 1 |
_aبيروت : _bدار العلم للملايين، _c1980. |
|
| 300 | _a56ص | ||
| 490 | 0 | _aعبقريات مبكرة | |
| 650 | 1 | 7 | _aأدب الأطفال |
| 650 | 1 | 7 | _aالقصص العربية |
| 942 |
_2ddc _cBK |
||
| 999 |
_c39096 _d39096 |
||